000 00432nam a2200157 a 4500
005 20140412111305.0
008 030415s19uu xx 00 eng d
020 _a0-8167-2790-2
050 _aER
_bOn2 1992
100 _aPellowski, Michael
245 _a102 cat and dogs jokes /
_cMichael Pellowski.
260 _aU. S. A :
_bTroll Communications,
_c1992.
300 _a64 p. ; ill.
650 _aHumor--Fiction
999 _c103620
_d103620